01461cam a22002537a 450000100040000000500170000400800410002102000180006202000150008004000180009505000240011308200100013710000170014724503320016424600340049626000420053030000400057250000370061250500060064952004940065552100180114952100180116770000220118545920230425105845.0110822s2011 nyua 000 1 eng  a9780843198416 a0843198419 aDLCcDLCdDLC00aMLCM 2012/42182 (P) a741.51 aBlack, Jake.10aGreen Lantern :bHal Jordan, defender of Earth /cadapted by Jake Black ; illustrated by Steven E. Gordon ; screenplay by Greg Berlanti & Michael Green & Marc Guggenheim and Michael Goldberg ; screenstory by Greg Berlanti & Michael Green & Marc Guggenheim, based upon characters appearing in comic books published by DC Comics.3 aHal Jordan, defender of Earth aNew York :bPrice Stern Sloan,c2011. a47 pages :billustrations ;c23 cm. a"Green Lantern, Level 3"--Cover. aK aDuring a routine test flight above the deserts of the Southwest, ace pilot HAL JORDAN has a too-close-for-comfort encounter with a UFO. His jet takes a nosedive, but before HAL bites the dust, a gigantic green hand appears, grabs the aircraft, and prevents the crash. The mysterious UFO reveals HAL'S alien rescuer who possesses an amazing green ring of untold power. What does HAL do when the alien offers him the ring, and announces that the human pilot is now the new GUARDIAN OF EARTH? a540 bLexile aK bRaz-Plus1 aGordon, Steven E.